[Event "AUTO-MASTER-1767"]
[Site "http://www.queenalice.com/game.php?id=1121918"]
[Date "2012.11.13"]
[Round "1"]
[White "CaioPoeta"]
[Black "Maltese_Falcon"]
[Result "0-1"]
[WhiteElo "2188"]
[BlackElo "2198"]

1. c4 Nf6 2. Nc3 g6 3. e4 d6 4. d4 Bg7 5. f3 O-O 6. Be3 c5 7. d5 Nbd7 8. Qd2 Ne5
9. Bd3 Qb6 10. O-O-O Qb4 11. a3 Qb3 12. Qc2 Nxd3+ 13. Qxd3 Nd7 14. f4 Nb6 15.
Qc2 Qxc4 16. Nge2 Qa6 17. f5 Nc4 18. Bf4 b5 19. Qb3 Rb8 20. g4 b4 21. a4 Bxf5
22. gxf5 bxc3 0-1

[Event "AUTO-MASTER-1767"]
[Site "http://www.queenalice.com/game.php?id=1121919"]
[Date "2012.11.13"]
[Round "1"]
[White "Maltese_Falcon"]
[Black "Rutty"]
[Result "1-0"]
[WhiteElo "2188"]
[BlackElo "2087"]

1. e4 e5 2. Bc4 Nf6 3. d3 d6 4. Nf3 Be6 5. Bxe6 fxe6 6. O-O Be7 7. h3 O-O 8. a4
Nc6 9. Re1 Nd4 10. Nbd2 c5 11. c3 Nxf3+ 12. Nxf3 Qc7 13. Qb3 Qd7 14. Ng5 d5 15.
exd5 exd5 16. Rxe5 Bd6 17. Re1 Rae8 18. Bd2 h6 19. Rxe8 Rxe8 20. Ne4 Nxe4 21.
Qxd5+ Qf7 22. dxe4 Qxd5 23. exd5 Re2 24. Rd1 c4 25. Kf1 Re4 26. Re1 Rxe1+ 27.
Kxe1 Kf7 28. Be3 a6 29. Ke2 b5 30. axb5 axb5 31. Kf3 g5 32. Ke4 Kg6 33. f4 Kf6
34. fxg5+ hxg5 35. Bd4+ Kg6 36. Be5 1-0

[Event "AUTO-MASTER-1767"]
[Site "http://www.queenalice.com/game.php?id=1121920"]
[Date "2012.11.13"]
[Round "1"]
[White "Rutty"]
[Black "Maltese_Falcon"]
[Result "0-1"]
[WhiteElo "2069"]
[BlackElo "2153"]

1. e4 Nf6 2. e5 Nd5 3. d4 d6 4. Nf3 g6 5. c4 Nb6 6. Be3 Bg7 7. Nc3 O-O 8. Bd3
dxe5 9. Nxe5 Nc6 10. Nxc6 bxc6 11. Be4 Nxc4 12. b3 e5 13. Ne2 Nxe3 14. fxe3 Qh4+
15. Ng3 exd4 16. Bxc6 Ba6 17. Bxa8 dxe3 18. Qf3 Qb4+ 0-1

[Event "AUTO-MASTER-1767"]
[Site "http://www.queenalice.com/game.php?id=1121921"]
[Date "2012.11.13"]
[Round "1"]
[White "Maltese_Falcon"]
[Black "VFA"]
[Result "1-0"]
[WhiteElo "2202"]
[BlackElo "1823"]

1. e4 e5 2. Bc4 Nf6 3. d3 Nc6 4. Nf3 Bc5 5. c3 O-O 6. O-O d6 7. Nbd2 Be6 8. Bxe6
fxe6 9. b4 Bb6 10. a4 a5 11. b5 Ne7 12. Nc4 Ng6 13. Qe2 Nh5 14. g3 Qf6 15. Ng5
1-0

[Event "AUTO-MASTER-1767"]
[Site "http://www.queenalice.com/game.php?id=1121922"]
[Date "2012.11.13"]
[Round "1"]
[White "VFA"]
[Black "Maltese_Falcon"]
[Result "0-1"]
[WhiteElo "1821"]
[BlackElo "2203"]

1. d4 Nf6 2. c4 g6 3. Nc3 Bg7 4. e4 d6 5. Nf3 O-O 6. Bd3 c6 7. O-O Nbd7 8. Bg5
e5 9. d5 Nc5 10. Bc2 a5 11. Qd2 cxd5 12. exd5 Bd7 13. Rfe1 Qb6 14. a3 Rfc8 15.
Bh6 Bxh6 0-1

[Event "AUTO-OPEN-2794"]
[Site "http://www.queenalice.com/game.php?id=1133138"]
[Date "2012.12.21"]
[Round "2"]
[White "Christhechessplayer"]
[Black "Maltese_Falcon"]
[Result "0-1"]
[WhiteElo "2088"]
[BlackElo "2210"]

1. e4 Nf6 2. Nc3 d5 3. e5 d4 4. exf6 dxc3 5. fxg7 cxd2+ 6. Qxd2 Qxd2+ 7. Bxd2
Bxg7 8. c3 Nc6 9. Nf3 Be6 10. Bb5 O-O-O 11. Bxc6 bxc6 12. Be3 Rhg8 13. Nd4 Bxd4
14. Bxd4 Rxg2 15. Bxa7 Bg4 16. Bd4 e5 17. Be3 Bf3 18. a4 Rg6 19. Rf1 Rgd6 0-1

[Event "AUTO-OPEN-2794"]
[Site "http://www.queenalice.com/game.php?id=1133139"]
[Date "2012.12.21"]
[Round "2"]
[White "Maltese_Falcon"]
[Black "Christhechessplayer"]
[Result "1-0"]
[WhiteElo "2204"]
[BlackElo "2100"]

1. e4 e5 2. Bc4 Bc5 3. Qg4 Qf6 4. Qg3 Nc6 5. Nc3 Nge7 6. Nf3 d6 7. d3 h6 8. Be3
Nd4 9. Bxd4 exd4 10. e5 dxe5 11. Ne4 Qb6 12. Qxg7 Rf8 13. Nf6+ 1-0

[Event "AUTO-OPEN-2794"]
[Site "http://www.queenalice.com/game.php?id=1133146"]
[Date "2012.12.21"]
[Round "2"]
[White "Pagano"]
[Black "Maltese_Falcon"]
[Result "0-1"]
[WhiteElo "2010"]
[BlackElo "2219"]

1. e4 Nf6 2. d3 e5 3. f4 Nc6 4. Nf3 d5 5. fxe5 dxe4 6. exf6 exf3 7. Qxf3 Nd4 8.
Qe4+ Be6 9. fxg7 Bxg7 10. Na3 O-O 11. c3 Bxa2 12. Rxa2 Re8 0-1

[Event "AUTO-OPEN-2794"]
[Site "http://www.queenalice.com/game.php?id=1133147"]
[Date "2012.12.21"]
[Round "2"]
[White "Maltese_Falcon"]
[Black "Pagano"]
[Result "1-0"]
[WhiteElo "2254"]
[BlackElo "2021"]

1. e4 c6 2. d4 d5 3. e5 g6 4. Nf3 Bg7 5. Bd3 Bg4 6. O-O Nd7 7. Nbd2 e6 8. h3
Bxf3 9. Nxf3 c5 10. Bg5 Ne7 11. c3 h6 12. Be3 O-O 13. Qd2 Kh7 14. h4 f5 15. exf6
Rxf6 16. h5 Nf5 17. dxc5 e5 18. hxg6+ Kh8 19. Bxf5 e4 20. Nh4 Ne5 21. Bxh6 1-0

[Event "AUTO-OPEN-2794"]
[Site "http://www.queenalice.com/game.php?id=1133150"]
[Date "2012.12.21"]
[Round "2"]
[White "Pato"]
[Black "Maltese_Falcon"]
[Result "0-1"]
[WhiteElo "2142"]
[BlackElo "2236"]

1. f4 d5 2. Nf3 Nc6 3. e3 Nf6 4. Bb5 e6 5. Bxc6+ bxc6 6. b3 Bb4 7. Bb2 O-O 8.
O-O Ba6 9. d3 Bb7 10. Nbd2 a5 11. a3 Bc5 12. Qe2 Qe7 13. Ne5 Nd7 14. Ndf3 Bb6
15. Rae1 Nxe5 16. fxe5 a4 17. d4 Ba6 18. Qd2 Bxf1 19. Rxf1 c5 20. Kh1 Rfc8 21.
dxc5 Bxc5 22. b4 Ba7 23. e4 dxe4 24. Ng5 e3 0-1

[Event "AUTO-OPEN-2794"]
[Site "http://www.queenalice.com/game.php?id=1133151"]
[Date "2012.12.21"]
[Round "2"]
[White "Maltese_Falcon"]
[Black "Pato"]
[Result "1-0"]
[WhiteElo "2245"]
[BlackElo "2133"]

1. e4 Nc6 2. d4 e5 3. d5 Nce7 4. Nf3 Ng6 5. Bd3 Bc5 6. Nbd2 d6 7. Nb3 Bb6 8. a4
a6 9. O-O Nf6 10. c4 c6 11. dxc6 bxc6 12. c5 dxc5 13. Qc2 Bg4 14. a5 Ba7 15.
Nbd2 Nf4 16. Bxa6 O-O 17. Nxe5 Be2 18. Ndc4 Bxf1 19. Bxf4 Bxc4 20. Bxc4 Qd4 21.
Nxf7 Rxf7 22. Rd1 Qxe4 23. Qxe4 Nxe4 24. Rd7 1-0

[Event "AUTO-ELITE-1096"]
[Site "http://www.queenalice.com/game.php?id=1136368"]
[Date "2013.1.2"]
[Round "1"]
[White "boparame"]
[Black "Maltese_Falcon"]
[Result "0-1"]
[WhiteElo "2413"]
[BlackElo "2259"]

1. Nf3 d5 2. g3 Nf6 3. Bg2 g6 4. d4 Bg7 5. O-O O-O 6. Bg5 c5 7. c3 Ne4 8. Be3
cxd4 9. Bxd4 Nc6 10. Nbd2 Nxd4 11. Nxd4 Nxd2 12. Qxd2 Qb6 13. Rfd1 Rd8 14. f4
Bf5 15. e3 Bg4 16. Rf1 Rd6 17. h3 Bd7 18. Kh2 Rc8 19. a4 e5 20. Ne2 Rd8 21. Ra3
Qc7 22. Rd1 Bf5 23. b4 h5 24. Qe1 a5 25. Qd2 b6 26. h4 Bg4 27. Re1 R6d7 28. Bh3
Bxh3 29. Kxh3 Qc8 30. Kh2 exf4 31. exf4 d4 32. cxd4 Bxd4 33. Nxd4 Rxd4 34. Qf2
Rd2 35. Re2 axb4 36. Ra2 Rxa2 37. Rxa2 b3 38. Re2 Qc1 39. f5 Rd1 40. Qf3 b2 0-1

[Event "AUTO-ELITE-1096"]
[Site "http://www.queenalice.com/game.php?id=1136369"]
[Date "2013.1.2"]
[Round "1"]
[White "Maltese_Falcon"]
[Black "boparame"]
[Result "1-0"]
[WhiteElo "2282"]
[BlackElo "2361"]

1. e4 e6 2. d4 d5 3. e5 c5 4. c3 Bd7 5. Nf3 Nc6 6. Be2 Qb6 7. Na3 cxd4 8. cxd4
Bb4+ 9. Bd2 Nxd4 10. Nxd4 Qxd4 11. Nc4 Bxd2+ 12. Qxd2 Qxd2+ 13. Nxd2 Rc8 14. Nf3
Ne7 15. Kd2 Ng6 16. Bd3 Ne7 17. Be2 h6 18. Rac1 Kd8 19. Rxc8+ Kxc8 20. Bd3 Kc7
21. Rc1+ Kb6 22. Rc3 Rc8 23. Rb3+ Kc7 24. Nd4 Kb8 25. Bb5 Bxb5 26. Nxb5 Nc6 27.
Nd6 Rc7 28. f4 Rd7 29. Rh3 Re7 30. Rg3 g6 31. a3 a6 32. Rh3 h5 33. b4 Rd7 34.
Rg3 Ka8 35. h3 Kb8 36. h4 Ne7 37. Rc3 Rd8 38. b5 axb5 39. Rb3 Nc6 40. Rxb5 Rd7
41. Rb6 Nd4 42. a4 Nc6 43. g3 Rc7 44. Kd3 Nd8 45. Nb5 Rc6 46. a5 Ka8 47. Kd2 Kb8
48. Kd3 Rc5 49. Kd2 Kc8 50. a6 bxa6 51. Nd6+ Kd7 52. Rxa6 Rc7 53. Ra8 Ke7 54.
Ke3 Rd7 55. Nc8+ Ke8 56. Nd6+ Kf8 57. Kd4 f6 58. Ra2 Ke7 59. Nc8+ Ke8 60. Nd6+
Kf8 61. Ra8 Ke7 62. Nc8+ Kf8 63. Nb6 fxe5+ 64. fxe5 Ke7 65. Nxd7 Nc6+ 66. Kc5
Kxd7 67. Ra6 Nxe5 68. Ra7+ Ke8 69. Kd6 Ng4 70. Kxe6 Kf8 71. Kxd5 Kg8 72. Ke4 Nh6
73. Ke5 Ng4+ 74. Kf4 1-0

[Event "AUTO-ELITE-1096"]
[Site "http://www.queenalice.com/game.php?id=1136374"]
[Date "2013.1.2"]
[Round "1"]
[White "mestreRJ"]
[Black "Maltese_Falcon"]
[Result "1-0"]
[WhiteElo "2631"]
[BlackElo "2259"]

1. e4 Nf6 2. e5 Nd5 3. c4 Nb6 4. c5 Nd5 5. Bc4 e6 6. Nc3 Nxc3 7. dxc3 b6 8. Qg4
Nc6 9. Nf3 Bb7 10. O-O h5 11. Qf4 Bxc5 12. Qg3 g6 13. Rd1 h4 14. Qg4 d5 15. exd6
Bxd6 16. Bg5 Qd7 17. Re1 Kf8 18. Bf6 Rh5 19. Ng5 Re8 20. Rad1 Kg8 21. Re3 Qc8
22. b4 a5 23. Rde1 Nd8 24. Bxd8 Qxd8 25. Nxf7 1-0

[Event "AUTO-ELITE-1096"]
[Site "http://www.queenalice.com/game.php?id=1136375"]
[Date "2013.1.2"]
[Round "1"]
[White "Maltese_Falcon"]
[Black "mestreRJ"]
[Result "0-1"]
[WhiteElo "2260"]
[BlackElo "2645"]

1. e4 c5 2. Nf3 d6 3. c3 Nf6 4. Be2 e5 5. O-O Be7 6. d4 exd4 7. cxd4 cxd4 8.
Nxd4 Nc6 9. Nc3 O-O 10. Qa4 Bd7 11. Be3 Rc8 12. Rac1 a6 13. Nxc6 Rxc6 14. Qd4
Qb8 15. h3 b5 16. Bd3 Re8 17. a4 bxa4 18. Nxa4 Bd8 19. Rxc6 Bxc6 20. Nc3 a5 21.
Rc1 h6 22. Qc4 Bd7 23. Bd4 Qb4 24. b3 Qb7 25. Kh2 Qb8 26. Kh1 Bb6 27. Bxf6 Rc8
28. Qa6 gxf6 29. Bc4 Rc5 30. Na4 Bxa4 31. bxa4 Qc7 32. Rc2 h5 33. Rc3 Ba7 34.
Kg1 h4 35. Rc2 Kg7 36. Bd3 Rxc2 37. Bxc2 Bxf2+ 38. Kxf2 Qxc2+ 39. Qe2 Qxa4 40.
Qg4+ Kf8 41. Qxh4 Ke7 42. Qf4 Qc2+ 43. Ke1 Qc5 44. Qf5 Qg1+ 45. Kd2 Qxg2+ 46.
Kc3 Qg3+ 47. Kc2 a4 0-1

[Event "AUTO-ELITE-1140"]
[Site "http://www.queenalice.com/game.php?id=1170333"]
[Date "2013.4.11"]
[Round "1"]
[White "Maltese_Falcon"]
[Black "mestreRJ"]
[Result "0-1"]
[WhiteElo "2326"]
[BlackElo "2736"]

1. e4 c5 2. Nf3 d6 3. d4 cxd4 4. Nxd4 Nf6 5. Nc3 a6 6. Be2 e5 7. Nb3 Be7 8. O-O
O-O 9. Qd3 Qc7 10. Be3 b6 11. Qc4 Qb7 12. Rad1 b5 13. Qd3 Qc7 14. Rc1 Nbd7 15.
a4 bxa4 16. Nxa4 Bb7 17. Bf3 a5 18. Nd2 Ba6 19. c4 Rfd8 20. Qc2 Rdb8 21. b3 Nf8
22. Nc3 Ne6 23. Rfd1 h6 24. Ra1 Bc8 25. Ra2 Bd7 26. h3 Nc5 27. Ra3 Bd8 28. Rda1
Rb7 29. Bd1 Ne6 30. Qd3 Rb4 31. Bc2 Nc5 32. Qe2 Rbb8 33. Nf1 Rb7 34. Qd1 Rab8
35. Ng3 Qc8 36. Nf5 Bxf5 37. exf5 Qc6 38. Rc1 Rd7 39. Qe2 Rdb7 40. Bxc5 Qxc5 41.
Ra4 Qd4 42. Qf3 e4 43. Rd1 Qe5 44. Nxe4 Nxe4 45. Qxe4 Qxe4 46. Bxe4 Rxb3 47.
Rxd6 Bc7 48. Rd1 R3b4 49. Rda1 Kf8 50. Kf1 Ke7 51. c5 R8b5 52. Rxb4 Rxb4 53. f3
Rb5 54. Rc1 a4 55. Ra1 Ra5 56. Ra3 Bf4 57. Ke2 Bc1 58. Rc3 Bb2 59. Rc2 a3 60. c6
Ra8 61. Bd5 Be5 62. Kd3 f6 63. Ra2 Kd6 64. Be4 Ra5 65. Kc4 Bb2 66. h4 h5 67. Kd3
Rc5 68. f4 Rc1 69. Ke2 Rh1 70. g3 Rc1 71. Bf3 Rc3 72. Kf2 Rxc6 73. Bxh5 Rc2+ 74.
Kf1 Kd5 0-1

[Event "AUTO-ELITE-1140"]
[Site "http://www.queenalice.com/game.php?id=1170334"]
[Date "2013.4.11"]
[Round "1"]
[White "mestreRJ"]
[Black "Maltese_Falcon"]
[Result "1-0"]
[WhiteElo "2724"]
[BlackElo "2317"]

1. e4 Nf6 2. e5 Nd5 3. c4 Nb6 4. c5 Nd5 5. Nc3 c6 6. Bc4 d6 7. cxd6 exd6 8. Nxd5
cxd5 9. Bxd5 dxe5 10. Qb3 Qc7 11. Nf3 Bd6 12. d3 O-O 13. O-O h6 14. Be3 Nc6 15.
Rac1 Re8 16. Rfd1 Be6 17. Bxe6 Rxe6 18. d4 exd4 19. Bxd4 Qe7 20. Be3 Re8 21. g3
Be5 22. Nxe5 Rxe5 23. a3 a6 24. Rc3 Re6 25. Qc2 Rd6 26. Kg2 Qd7 27. Rcd3 Rxd3
28. Qxd3 Qe6 29. Qd5 Qxd5+ 30. Rxd5 f6 31. Rd7 Re7 32. Rxe7 Nxe7 33. Kf3 Kf7 34.
Ke4 Ke6 35. Kd4 b6 36. Kc4 Nd5 37. Bd4 g6 38. b4 h5 39. b5 a5 40. h3 Kd6 41. g4
a4 42. gxh5 gxh5 43. f3 f5 44. Bf2 f4 45. Bd4 Ke6 46. Bh8 Nc7 47. Bd4 Nd5 48.
Bb2 Kd6 49. Kd4 Nc7 50. Kc4 Nd5 51. Kd4 Nc7 52. Ke4 Kc5 53. Kxf4 Kc4 54. Kg5 Kb3
55. Ba1 Ka2 56. Bf6 Kxa3 57. Kxh5 Nd5 58. Bg7 Kb3 59. Bf8 Nf4+ 60. Kg4 Ne6 61.
Bd6 a3 62. h4 a2 63. Be5 Ka4 64. Kf5 Nf8 65. h5 Kxb5 66. Ba1 Kc4 67. Kf6 Kb3 68.
Kg7 1-0

[Event "AUTO-ELITE-1140"]
[Site "http://www.queenalice.com/game.php?id=1170335"]
[Date "2013.4.11"]
[Round "1"]
[White "Maltese_Falcon"]
[Black "Dogeval"]
[Result "1-0"]
[WhiteElo "2323"]
[BlackElo "2594"]

1. e4 e6 2. d4 d5 3. Nc3 Nf6 4. Bg5 Be7 5. e5 Nfd7 6. Bxe7 Qxe7 7. Nb5 Nb6 8.
Bd3 a6 9. Nc3 Nc6 10. Nf3 Qb4 11. a3 Qxb2 12. Ne2 Nc4 13. Bxc4 dxc4 14. O-O O-O
15. Qd2 Qb5 16. a4 Qa5 17. c3 f6 18. exf6 Rxf6 19. Ng3 b6 20. Rae1 Bd7 21. Re3
Raf8 22. Ra1 Qd5 23. Qe2 Be8 24. Re1 Bf7 25. Ne5 Nxe5 26. Rxe5 Qc6 27. a5 Rd8
28. Ra1 b5 29. Rc5 Qd7 30. Qe4 Rb8 31. Qe5 Rc8 32. Ne4 Rf5 33. Qg3 Bg6 34. Rxf5
exf5 35. Nc5 Qc6 36. Re1 Re8 37. Rxe8+ Qxe8 38. h3 Qe1+ 39. Kh2 b4 40. cxb4 f4
41. Qf3 c3 42. Qa8+ Qe8 43. Qxa6 c2 44. Qc4+ Qf7 45. d5 c6 46. a6 cxd5 47. Qa2
d4 48. Qa3 h6 49. a7 Qxa7 50. Qxa7 c1=Q 51. Ne6 Bf7 52. Qa8+ Kh7 53. Qe4+ Kh8
54. Nxd4 Qb2 55. Nf5 f3 56. Qd4 Qxd4 57. Nxd4 fxg2 58. b5 Bd5 59. Nf5 Kh7 60. b6
Bc6 61. Kg1 Bd5 62. Nd6 Kg6 63. b7 Bxb7 64. Nxb7 Kf5 65. Kxg2 Kf4 66. Nc5 g5 67.
h4 1-0

[Event "AUTO-ELITE-1140"]
[Site "http://www.queenalice.com/game.php?id=1170336"]
[Date "2013.4.11"]
[Round "1"]
[White "Dogeval"]
[Black "Maltese_Falcon"]
[Result "0-1"]
[WhiteElo "2607"]
[BlackElo "2296"]

1. d4 Nf6 2. c4 g6 3. Nc3 Bg7 4. Nf3 d5 5. cxd5 Nxd5 6. e4 Nxc3 7. bxc3 c5 8.
Be3 Qa5 9. Qd2 O-O 10. Rc1 Bg4 11. Be2 Nd7 12. d5 c4 13. O-O Nc5 14. Bxc5 Qxc5
15. Nd4 Bd7 16. Rfd1 a6 17. Qe3 Rad8 18. Rb1 b5 19. f4 e6 20. dxe6 fxe6 21. Bg4
e5 22. Bxd7 exd4 23. Be6+ Kh8 24. Qf2 Qd6 25. f5 d3 26. Qd2 Qe5 27. a4 gxf5 28.
Bxf5 Qxc3 29. Qxc3 Bxc3 30. axb5 axb5 31. Kf1 b4 32. g3 b3 0-1

[Event "AUTO-MASTER-1767"]
[Site "http://www.queenalice.com/game.php?id=1174990"]
[Date "2013.4.25"]
[Round "2"]
[White "Maltese_Falcon"]
[Black "vincentlennon"]
[Result "1-0"]
[WhiteElo "2276"]
[BlackElo "1986"]

1. e4 e6 2. d4 d5 3. Nc3 Nf6 4. Bg5 Be7 5. e5 Nfd7 6. h4 h6 7. Be3 a6 8. Qg4 g6
9. h5 Bg5 10. hxg6 fxg6 11. Bxg5 Qxg5 12. Qxg5 hxg5 13. Rxh8+ 1-0

[Event "AUTO-MASTER-1767"]
[Site "http://www.queenalice.com/game.php?id=1174991"]
[Date "2013.4.25"]
[Round "2"]
[White "vincentlennon"]
[Black "Maltese_Falcon"]
[Result "0-1"]
[WhiteElo "1965"]
[BlackElo "2279"]

1. e4 c5 2. f4 e6 3. Nf3 d5 4. exd5 exd5 5. d4 Nc6 6. c3 Nf6 7. h3 Ne4 8. Bb5
Ng3 9. Rg1 Be7 10. Bd3 O-O 11. Ne5 cxd4 12. Nxc6 bxc6 13. cxd4 Re8 14. Be3 Bh4
15. Kd2 Rb8 16. Nc3 Rxe3 17. Kxe3 Rxb2 18. Kf3 g5 19. Re1 Qf6 20. Re8+ Kg7 21.
Qc1 Qxd4 22. Qe3 Nf5 23. Bxf5 Rf2+ 24. Kg4 Bxf5+ 25. Kxf5 Rxf4+ 0-1

[Event "AUTO-MASTER-1767"]
[Site "http://www.queenalice.com/game.php?id=1174992"]
[Date "2013.4.25"]
[Round "2"]
[White "Maltese_Falcon"]
[Black "ipatov"]
[Result "1-0"]
[WhiteElo "2316"]
[BlackElo "2254"]

1. e4 c5 2. Nf3 d6 3. Bc4 Nf6 4. Nc3 Nc6 5. O-O Bg4 6. h3 Bh5 7. d3 a6 8. Bd5 e6
9. Bxc6+ bxc6 10. e5 Nd5 11. Ne4 Nb6 12. exd6 Bxd6 13. Re1 O-O 14. Be3 Qe7 15.
b4 Nd7 16. Nxd6 Qxd6 17. bxc5 Nxc5 18. g4 Bg6 19. Bxc5 Qxc5 20. Ne5 Rfd8 21. Rb1
Qd5 22. Qe2 Rab8 23. Rb3 Qd6 24. h4 f6 25. Nxg6 Re8 26. Qe4 hxg6 27. Qxg6 Re7
28. Reb1 Ree8 29. g5 1-0

[Event "AUTO-MASTER-1767"]
[Site "http://www.queenalice.com/game.php?id=1174993"]
[Date "2013.4.25"]
[Round "2"]
[White "ipatov"]
[Black "Maltese_Falcon"]
[Result "1/2-1/2"]
[WhiteElo "2246"]
[BlackElo "2325"]

1. d4 Nf6 2. Nf3 g6 3. c4 Bg7 4. Nc3 d6 5. e4 O-O 6. Be2 c5 7. d5 e6 8. O-O exd5
9. exd5 Re8 10. Bg5 h6 11. Bf4 Ne4 12. Nxe4 Rxe4 13. Bc1 Bg4 14. Qc2 Qe8 15. Be3
Rxe3 16. fxe3 Qxe3+ 17. Kh1 Bf5 18. Qb3 Qxb3 19. axb3 Bxb2 20. Ra2 Bg7 21. Nh4
Bd7 22. Bd3 Be8 23. Re2 Nd7 24. Nf3 Ne5 25. Bb1 b5 26. Nd2 a5 27. Rfe1 bxc4 28.
Nxc4 Bb5 29. Rc2 Nd3 30. Re3 Bxc4 31. Rxc4 Nf2+ 32. Kg1 Nd1 33. Ree4 Nc3 34.
Rxc3 Bxc3 35. Kf1 Be5 1/2-1/2